<?xml version="1.0" encoding="UTF-8"?><record xmlns="http://www.loc.gov/MARC21/slim" xmlns:zs="http://docs.oasis-open.org/ns/search-ws/sruResponse">
  <leader>02290cem a22004574a 4500</leader>
  <controlfield tag="001">15170931</controlfield>
  <controlfield tag="005">20250607023212.6</controlfield>
  <controlfield tag="007">cr |||||||||||</controlfield>
  <controlfield tag="007">aj canzn</controlfield>
  <controlfield tag="008">080206s1862    nyu       a  f  0   eng  </controlfield>
  <datafield ind1=" " ind2=" " tag="035">
    <subfield code="a">15170931</subfield>
  </datafield>
  <datafield ind1=" " ind2=" " tag="906">
    <subfield code="a">7</subfield>
    <subfield code="b">cbc</subfield>
    <subfield code="c">orignew</subfield>
    <subfield code="d">u</subfield>
    <subfield code="e">ncip</subfield>
    <subfield code="f">20</subfield>
    <subfield code="g">y-geogmaps</subfield>
  </datafield>
  <datafield ind1=" " ind2=" " tag="955">
    <subfield code="a">ga34   2008-02-06</subfield>
  </datafield>
  <datafield ind1=" " ind2=" " tag="955">
    <subfield code="a">LCAP batch update 2025-06-01-04:00: LCAPM-779, LCAPM-893</subfield>
  </datafield>
  <datafield ind1=" " ind2=" " tag="010">
    <subfield code="a">  2008621634</subfield>
  </datafield>
  <datafield ind1="1" ind2=" " tag="034">
    <subfield code="a">a</subfield>
    <subfield code="b">31,680</subfield>
  </datafield>
  <datafield ind1=" " ind2=" " tag="040">
    <subfield code="a">DLC</subfield>
    <subfield code="c">DLC</subfield>
  </datafield>
  <datafield ind1="0" ind2="0" tag="050">
    <subfield code="a">G3984.C8S5 1862</subfield>
    <subfield code="b">.M32</subfield>
    <subfield code="u">CW 267.1</subfield>
  </datafield>
  <datafield ind1=" " ind2=" " tag="052">
    <subfield code="a">3984</subfield>
    <subfield code="b">C8</subfield>
  </datafield>
  <datafield ind1="1" ind2=" " tag="100">
    <subfield code="a">Matz, Otto H.,</subfield>
    <subfield code="d">1830-1919.</subfield>
  </datafield>
  <datafield ind1="1" ind2="0" tag="245">
    <subfield code="a">Map of the country between Monterey, Tenn: &amp; Corinth, Miss: showing the lines of entrenchments made &amp; the routes followed by the U.S. forces under the command of Maj. Genl. Halleck, U.S. Army, in their advance upon Corinth in May 1862: /</subfield>
    <subfield code="c">surveyed under the direction of Col. Geo. Thom, A.D.C. &amp; Chief of Topl. Engrs., Department of the Mississippi, by Lieuts. Fred. Schraag and C. L. Spangenberg, Asst. Topl. Engrs. and drawn by Lieut. Otto H. Matz, Asst. Topl. Engr.</subfield>
  </datafield>
  <datafield ind1=" " ind2=" " tag="255">
    <subfield code="a">Scale 2 inches to 1 Mile [ca. 1:31,680].</subfield>
  </datafield>
  <datafield ind1=" " ind2=" " tag="260">
    <subfield code="a">[N.Y.] :</subfield>
    <subfield code="b">Lith. of J. Bien,</subfield>
    <subfield code="c">[1862]</subfield>
  </datafield>
  <datafield ind1=" " ind2=" " tag="300">
    <subfield code="a">1 map :</subfield>
    <subfield code="b">col. ;</subfield>
    <subfield code="c">77 x 62 cm.</subfield>
  </datafield>
  <datafield ind1=" " ind2=" " tag="336">
    <subfield code="a">cartographic image</subfield>
    <subfield code="b">cri</subfield>
    <subfield code="2">rdacontent</subfield>
  </datafield>
  <datafield ind1=" " ind2=" " tag="337">
    <subfield code="a">unmediated</subfield>
    <subfield code="b">n</subfield>
    <subfield code="2">rdamedia</subfield>
  </datafield>
  <datafield ind1=" " ind2=" " tag="338">
    <subfield code="a">sheet</subfield>
    <subfield code="b">nb</subfield>
    <subfield code="2">rdacarrier</subfield>
  </datafield>
  <datafield ind1=" " ind2=" " tag="500">
    <subfield code="a">Relief shown by hachures.</subfield>
  </datafield>
  <datafield ind1=" " ind2=" " tag="500">
    <subfield code="a">Includes houses, names of residents, fences, roads, railroads, vegetation, fields, and  drainage.</subfield>
  </datafield>
  <datafield ind1=" " ind2=" " tag="500">
    <subfield code="a">Differs from G3984.C8S5 1862 .M3 CW 267: lacks address of lithographer.</subfield>
  </datafield>
  <datafield ind1=" " ind2=" " tag="500">
    <subfield code="a">Description derived from published bibliography.</subfield>
  </datafield>
  <datafield ind1="4" ind2=" " tag="510">
    <subfield code="a">LC Civil War maps (2nd ed.),</subfield>
    <subfield code="c">267.1</subfield>
  </datafield>
  <datafield ind1=" " ind2=" " tag="530">
    <subfield code="a">Available also through the Library of Congress Web site as a raster image.</subfield>
  </datafield>
  <datafield ind1=" " ind2="0" tag="650">
    <subfield code="a">Corinth, Battle of, Corinth, Miss., 1862</subfield>
    <subfield code="v">Maps.</subfield>
  </datafield>
  <datafield ind1=" " ind2=" " tag="653">
    <subfield code="a">Corinth (Miss.), Battle of.</subfield>
  </datafield>
  <datafield ind1=" " ind2="7" tag="655">
    <subfield code="a">Maps.</subfield>
    <subfield code="2">lcgft</subfield>
    <subfield code="0">https://id.loc.gov/authorities/genreForms/gf2011026387</subfield>
  </datafield>
  <datafield ind1=" " ind2=" " tag="752">
    <subfield code="a">United States</subfield>
    <subfield code="b">Mississippi</subfield>
    <subfield code="d">Corinth.</subfield>
  </datafield>
  <datafield ind1=" " ind2=" " tag="852">
    <subfield code="a">Library of Congress</subfield>
    <subfield code="b">Geography and Map Division</subfield>
    <subfield code="e">Washington, D.C. 20540-4650 USA</subfield>
    <subfield code="n">dcu</subfield>
  </datafield>
  <datafield ind1="4" ind2="1" tag="856">
    <subfield code="d">g3984c</subfield>
    <subfield code="f">cw0267100</subfield>
    <subfield code="u">http://hdl.loc.gov/loc.gmd/g3984c.cw0267100</subfield>
    <subfield code="q">c</subfield>
  </datafield>
  <datafield ind1=" " ind2=" " tag="985">
    <subfield code="a">GMD/CWMAP</subfield>
    <subfield code="e">ammem</subfield>
  </datafield>
  <datafield ind1=" " ind2=" " tag="985">
    <subfield code="a">GMD/MILMAP</subfield>
    <subfield code="e">ammem</subfield>
    <subfield code="h">20080212</subfield>
  </datafield>
</record>
